إتمام المنة بشرح منهاج الجنة في فقه السنة ؛ (رقم التسجيلة. 10511)

تفاصيل مارك
000 -الفاتح
عناصر البيانات ثابتة الطول 01176cam a2200205 i 4500
005 - تاريخ ووقت آخر معاملة
حقل ضبط 20251208110432.0
008 - عناصر البيانات ثابتة الطول
عناصر البيانات ثابتة الطول 250721s1999 le gr 000 0 ara d
082 14 - رقم تصنيف ديوي العشري
رقم التصنيف 216
رقم المادة ت ل ي
100 1# - مدخل رئيسي – اسم شخصي
الاسم الشخصي التيلندي، عبد الله بن عبد القادر
علاقة الشخص بالعمل/ دوره مؤلف.
245 10 - بيان العنوان
العنوان إتمام المنة بشرح منهاج الجنة في فقه السنة ؛
بقية العنوان الاخبار المسطوره في القراءة في الصلاه ببعض السورة.
بيان المسؤولية تاليف الشيخ عبد الله عبد القادر التليدي ، للشيخ احمد بن محمد بن الصديق الغماري الحسني.
246 10 - الأشكال المختلفة للعنوان
العنوان الفعلي/العنوان المختصر لاخبار المسطوره في القراءة في الصلاه ببعض السورة للشيخ احمد بن محمد بن الصديق الغماري الحسني.
250 ## - بيان الطبعة
بيان الطبعة العبعه الاولى.
264 31 - بيانات النشر، التوزيع…إلخ
مكان النشر، التوزيع...إلخ بيروت :
اسم الناشر، الموزع...إلخ دار البشائر الإسلامية،
تاريخ النشر، التوزيع...إلخ 1999.
300 ## - الوصف المادي
عدد الوحدات المكونة للوعاء 600 صفحه.
650 17 - مدخل إضافي بالموضوع - مصطلح موضوعي
مصطلح موضوعي أو اسم جغرافي كعنصر مدخل الفقه الإسلامي.
650 17 - مدخل إضافي بالموضوع - مصطلح موضوعي
مصطلح موضوعي أو اسم جغرافي كعنصر مدخل الإسلام.
700 1# - مدخل إضافي - اسم شخصي
الاسم الشخصي الحسني، احمد بن محمد بن الصديق الغماري
علاقة الشخص بالعمل/ دوره مؤلف.
942 ## - بيانات إضافية (كوها)
نوع التنصيف Dewey Decimal Classification
نوع المادة (كوها) كتب
المقتنيات
حالة السحب حالة الفقدان مصدر التصنيف حالة التلف غير قابل للإعارة المكتبة الرئيسية المكتبة الحالية موقع الرف تاريخ التزويد الرقم المتسلسل Total Checkouts رقم الإستدعاء الباركود تاريخ آخر ظهور تاريخ الفاتورة نوع المادة (كوها)
    Dewey Decimal Classification     المكتبة المركزية المكتبة المركزية الإعارة 06/07/2004 384590   216 / ت ل ي 384590 28/07/2025 06/07/2004 كتب
Implemented & Customized by: BBB with SCIT (Smart Chains for Information Technology)

Powered by Koha